000 00330nam a2200097Ia 4500
082 _aR 179.1 ENCY
245 0 _aEncyclopedia of environmental ethics and philosophy. Volume 1 : Abbey to Israel
100 _a Callicott, J Baird Farmington Hills, 2009
_996697
942 _cBK
008 210817s9999 xx 000 0 und d
999 _c407404
_d407403